000 00513nam a22001817a 4500
003 0
005 20240109074735.0
008 240109b xxu||||| |||| 00| 0 eng d
020 _a978-0-8109-9473-7
050 _aFIC
_bK62 2008
082 _aFIC
_bK62 2008
100 _aKinney, Jeff
245 _aDiary of the wimpy kid : rodrick rules
_c Jeff Kinney
260 _aNew York
_bAmulet Books
_cc2008.
300 _a215 pages :
_bblack and white illustrations ;
_c21cm.
650 _aFiction.
942 _2ddc
_cBK
999 _c365820
_d365820